Government of the Republic of Zambia estimates of revenue and expenditure (activity based budget) (Record no. 44856)

MARC details
000 -LEADER
fixed length control field 00700nam a2200169 a 4500
008 - FIXED-LENGTH DATA ELEMENTS--GENERAL INFORMATION
fixed length control field 120416s2012 ||||||||||||||||| || u
050 ## - LIBRARY OF CONGRESS CALL NUMBER
Classification number GOV.ZAM(058)ERE/2012
110 ## - MAIN ENTRY--CORPORATE NAME
Corporate name or jurisdiction name as entry element Government of the Republic of Zambia (GRZ)
245 10 - TITLE STATEMENT
Title Government of the Republic of Zambia estimates of revenue and expenditure (activity based budget)
260 ## - PUBLICATION, DISTRIBUTION, ETC.
Place of publication, distribution, etc. Lusaka
Name of publisher, distributor, etc. Government Printer
Date of publication, distribution, etc. 2012
300 ## - PHYSICAL DESCRIPTION
Extent lvi, 2049p.:ill.
350 ## - PRICE (NR) (BK AM CF MU VM SE) [OBSOLETE]
Price 0.00
650 #0 - SUBJECT ADDED ENTRY--TOPICAL TERM
Topical term or geographic name entry element ECONOMICS
650 ## - SUBJECT ADDED ENTRY--TOPICAL TERM
Topical term or geographic name entry element BUDGET PLANNING--ZAMBIA
650 ## - SUBJECT ADDED ENTRY--TOPICAL TERM
Topical term or geographic name entry element EXPENDITURES, PUBLIC--ZAMBIA
995 ## - RECOMMENDATION 995 [LOCAL, UNIMARC FRANCE]
-- 0.00
-- CBU-MAIN LIBRARY (Kitwe)
-- 1
-- 0.00
-- 1
-- AVAILABLE
-- Dec 22, 2011
-- Zambiana Collection
Holdings
Withdrawn status Lost status Source of classification or shelving scheme Damaged status Not for loan Home library Current library Shelving location Date acquired Total Checkouts Full call number Barcode Date last seen Price effective from Koha item type
          CBU-MAIN LIBRARY, KITWE. CBU-MAIN LIBRARY, KITWE.   11/30/2022   GOV.ZAM(058)ERE/2012 03008333 11/30/2022 11/30/2022 MONOGRAPH